Highest Mountains by Prominence - Statistics

General Stats
  • This quiz has been taken 36 times
  • The average score is 8 of 15
Answer Stats
Rank Higher Peak Prominence (m) Mountain % Correct
1 None 8 848 Mount Everest
100%
3 #2 6 144 Denali
93%
4 #1 5 885 Mount Kilimanjaro
87%
2 None 6 962 Aconcagua
83%
11 #1 4695 Mount Blanc
77%
10 #1 4741 Mount Elbrus
70%
6 #3 5250 Mount Logan
50%
15 None 4 205 Mauna Kea
43%
9 None 4884 Puncak Jaya
40%
12 #10 4 667 Mount Damavand
23%
8 None 4892 Vinson Massif
23%
7 #6 4922 Pico de Orizaba
20%
5 #2 5 509 Pico Cristobal Colon
17%
14 #1 4 608 Nanga Parbat
13%
13 #1 4 649 Klyuchevskaya Sopka
10%
No matching quizzes found
Score Distribution
Percent of People with Each Score
Percentile by Number Answered
Your Score History
You have not taken this quiz